000
00350nam a2200133Ia 4500
008
100328s9999 xx 000 0 und d
082
_b
140
100
_a
Duman Alexandre
245
_a
The Forty-Five Guardsmen
260
_b
Collins Clear-Type Press
630
_a
The Forty-Five Guardsmen
730
_a
The Forty-Five Guardsmen
942
_c
BOOK
999
_c
496524
_d
496521